| 000 | 00689nam a22002297a 4500 | ||
|---|---|---|---|
| 999 |
_c6123 _d6123 |
||
| 003 | AR-CdUCM | ||
| 008 | 190313b ||||| |||| 00| 0 spa d | ||
| 040 |
_aMUNICIPALIDAD PROVINCIAL DEL CUSCO _cBIBLIOTECA MUNICIPAL DEL CUSCO |
||
| 082 |
_a818.56 / _bC29 |
||
| 100 |
_aCarpenter, Frederic I. _917766 |
||
| 245 | _aEugene O´neill / | ||
| 260 |
_aBuenos Aires : _bCompañía general fabril, _c1972. |
||
| 300 |
_a252 paginas ; _c20 cm. |
||
| 500 | _aDonación de la Familia Nieto | ||
| 505 | _aNovela | ||
| 650 |
_aLiteratura Argentina _984 |
||
| 650 |
_aNovelas _9218 |
||
| 650 |
_aSiglo XX _98 |
||
| 700 |
_aMirlas, León (Traductor) _916214 |
||
| 942 |
_2ddc _cLIBROS |
||
| 945 | _awnts | ||